| 000 | 02192nas1a22003011i 4500 | ||
|---|---|---|---|
| 001 | RU\NLR\Per\568955 | ||
| 005 | 20260407180508.0 | ||
| 035 | _a(NLR Aleph) 002811859 | ||
| 090 |
_a2676012 _c2676012 |
||
| 100 | _a20081001b20072008|||y0rusy50 ca | ||
| 101 | 0 | _arus | |
| 102 | _aRU | ||
| 110 | _azu||||||||| | ||
| 200 | 1 |
_aСборник научных трудов _fООО "Башгеопроект" |
|
| 210 |
_aУфа _cБашгеопроект _d2007 - 2008 |
||
| 311 | _aРанее выходил как: "Геопроект", дочернее общество с ограниченной ответственностью (Уфа). [Сборник научных трудов]. | ||
| 311 | _aПродолжается как: "Башнефть-Геопроект", общество с ограниченной ответственностью (Уфа). Сборник научных трудов | ||
| 430 | 0 |
_12001#$a[Сборник научных трудов]. _171002$3RU\NLR\AUTH\8810065649$a"Геопроект", дочернее общество с ограниченной ответственностью$cУфа _t[Сборник научных трудов]. _a"Геопроект", дочернее общество с ограниченной ответственностью (Уфа) |
|
| 440 | 0 |
_12001#$aСборник научных трудов _171002$3RU\NLR\AUTH\8810135993$a"Башнефть-Геопроект", общество с ограниченной ответственностью$cУфа$4070 _tСборник научных трудов _a"Башнефть-Геопроект", общество с ограниченной ответственностью (Уфа) |
|
| 710 | 0 | 2 |
_a"Башгеопроект", общество с ограниченной ответственностью _cУфа _9729025 _3RU\NLR\AUTH\8810114856 |
| 801 | 0 |
_aRU _bNLR _gPSBO |
|
| 801 | 1 |
_aRU _bNLR _c20081001 _2rusmarc |
|
| 801 | 2 |
_aRU _bNLR _c20081001 _2rusmarc |
|
| 852 |
_aNLR _jП7/284 |
||
| 942 | _cCOLLECTION | ||
| 980 | _aRUSPER | ||